Catálogo
Digital

Catálogo
Digital

El dolor Americano (Record no. 14462)

MARC details
000 -CABECERA
campo de control de longitud fija 01211nam a2200289 4500
003 - IDENTIFICADOR DEL NÚMERO DE CONTROL
campo de control EC-UNACH
006 - CÓDIGOS DE INFORMACIÓN DE LONGITUD FIJA--CARACTERÍSTICAS DEL MATERIAL ADICIONAL
campo de control de longitud fija s||||gr|||| 00| 00
008 - DATOS DE LONGITUD FIJA--INFORMACIÓN GENERAL
campo de control de longitud fija 150116t9999 mx r gr 000 0 spa d
020 ## - NÚMERO INTERNACIONAL ESTÁNDAR DEL LIBRO
Número Internacional Estándar del Libro 978-612-45425-1-0
040 ## - FUENTE DE LA CATALOGACIÓN
Centro catalogador/agencia de origen EC-UNACH
Centro/agencia transcriptor EC-UNACH
041 ## - CÓDIGO DE LENGUA
Código de lengua del texto/banda sonora o título independiente spa
082 04 - NÚMERO DE LA CLASIFICACIÓN DECIMAL DEWEY
Número de edición 23
Número de clasificación 869
Número de documento/Ítem L018652
100 ## - ENTRADA PRINCIPAL--NOMBRE DE PERSONA
Nombre de persona Gonzales, Guissela
245 ## - MENCIÓN DE TÍTULO
Título El dolor Americano
Resto del título Literatura y periodismo en Gamaliel Churata
250 ## - MENCIÓN DE EDICIÓN
Mención de edición Primera Edición
264 ## - Producción, publicación, distribución, fabricación y copyright
Lugar de producción, publicación, distribución, fabricación Lima
Nombre del de productor, editor, distribuidor, fabricante Talleres Gráficos de la Asociación Fondo de Investigadores y Editores
Fecha de de producción, publicación, distribución, fabricación o copyright 2009
300 ## - DESCRIPCIÓN FÍSICA
Extensión 472 paginas
Dimensiones 21 cm.
500 ## - NOTA GENERAL
Nota general La obra de Churata aun esta por conocerse cabalmente, sigue siendo un desafío y la tarea pendiente es la de investigar en diversos lugares
505 ## - NOTA DE CONTENIDO CON FORMATO
Nota de contenido con formato Esta tierra que duele es la América.- Escritos de Gamaliel Churata.- Cuando yo me llamaba Juan Cajal.- Es hora de que se haga algo trascendental.- Pensamiento y acción.- He aquí una generación nueva que rejuvenece.- El pez de oro
650 ## - PUNTO DE ACCESO ADICIONAL DE MATERIA--TÉRMINO DE MATERIA
Término de materia o nombre geográfico como elemento inicial HISTORIA
650 ## - PUNTO DE ACCESO ADICIONAL DE MATERIA--TÉRMINO DE MATERIA
Término de materia o nombre geográfico como elemento inicial FILOSOFIA
650 ## - PUNTO DE ACCESO ADICIONAL DE MATERIA--TÉRMINO DE MATERIA
Término de materia o nombre geográfico como elemento inicial PROBLEMAS ONTOLOGICOS
942 ## - ELEMENTOS DE PUNTO DE ACCESO ADICIONAL (KOHA)
Fuente del sistema de clasificación o colocación Clasificación Decimal Dewey
Tipo de ítem Koha Libros
999 ## - NÚMEROS DE CONTROL DE SISTEMA (KOHA)
Koha biblionumber 14462

No items available.

Powered by Koha